000 00289nam a2200109Ia 4500
008 171211s9999 xx 000 0 und d
245 4 _aThe Anthropic Principle
245 _cReinhard Breuer
260 _c1990
650 _xASTRONOMY
856 _uhttp://down.ebook777.com/064/0817634827.pdf
999 _c349395
_d349395